Reprodukční proces v ČSSR v 80. letech
Enregistré dans:
| Format: | Livre |
|---|---|
| Langue: | tchèque |
| Publié: |
Praha
Academia
1984
|
| Tags: |
Pas de tags, Soyez le premier à ajouter un tag!
|
MARC
| LEADER | 00000nam a2200000 4500 | ||
|---|---|---|---|
| 001 | c111076 | ||
| 005 | 20041019155148.7 | ||
| 041 | 0 | |a cze | |
| 044 | |a CZ | ||
| 245 | 1 | 0 | |a Reprodukční proces v ČSSR v 80. letech |
| 264 | 1 | |a Praha |b Academia |c 1984 | |
| 300 | |a 222 s. | ||